<?xml version="1.0" encoding="UTF-8"?>
<record
    xmlns:xsi="http://www.w3.org/2001/XMLSchema-instance"
    xsi:schemaLocation="http://www.loc.gov/MARC21/slim http://www.loc.gov/standards/marcxml/schema/MARC21slim.xsd"
    xmlns="http://www.loc.gov/MARC21/slim">

  <leader>00414    a2200133   4500</leader>
  <datafield tag="020" ind1=" " ind2=" ">
    <subfield code="a">995300742x</subfield>
  </datafield>
  <datafield tag="082" ind1=" " ind2=" ">
    <subfield code="a">892.956.9</subfield>
    <subfield code="b">T722r</subfield>
  </datafield>
  <datafield tag="100" ind1=" " ind2=" ">
    <subfield code="a">Toufic, Jalal</subfield>
    <subfield code="9">728</subfield>
  </datafield>
  <datafield tag="245" ind1=" " ind2=" ">
    <subfield code="a">Reading, Rewriting Poe's The Oval Portrait</subfield>
    <subfield code="b">In Your Dreams</subfield>
  </datafield>
  <datafield tag="260" ind1=" " ind2=" ">
    <subfield code="a">Beirut, Lebanon</subfield>
    <subfield code="b">Ashkal Alwan</subfield>
    <subfield code="c">2004</subfield>
  </datafield>
  <datafield tag="300" ind1=" " ind2=" ">
    <subfield code="a">36 p</subfield>
    <subfield code="b">ill (col)</subfield>
    <subfield code="c">21 cm</subfield>
  </datafield>
  <datafield tag="650" ind1=" " ind2=" ">
    <subfield code="x">literatura</subfield>
    <subfield code="x">ficcion</subfield>
    <subfield code="x">filosofia</subfield>
    <subfield code="z">libano (arabe)</subfield>
    <subfield code="9">729</subfield>
  </datafield>
  <datafield tag="700" ind1=" " ind2=" ">
    <subfield code="a">Jalal Toufic</subfield>
    <subfield code="9">730</subfield>
  </datafield>
  <datafield tag="999" ind1=" " ind2=" ">
    <subfield code="c">150</subfield>
    <subfield code="d">150</subfield>
  </datafield>
  <datafield tag="952" ind1=" " ind2=" ">
    <subfield code="0">0</subfield>
    <subfield code="1">0</subfield>
    <subfield code="2">ddc</subfield>
    <subfield code="4">0</subfield>
    <subfield code="7">0</subfield>
    <subfield code="a">LV</subfield>
    <subfield code="b">LV</subfield>
    <subfield code="c">Pensamiento</subfield>
    <subfield code="d">2014-05-22</subfield>
    <subfield code="l">0</subfield>
    <subfield code="o">892.956.9 T722r</subfield>
    <subfield code="p">003975</subfield>
    <subfield code="r">2014-05-22 00:00:00</subfield>
    <subfield code="w">2014-05-22</subfield>
    <subfield code="y">01</subfield>
  </datafield>
</record>
